Význam podnikania cez internet a jeho aplikácia v konkrétnom podnikateľskom prostredí bakalárska práca

Na minha lista:
Detalhes bibliográficos
Autor principal: Polivčak, Dávid
Autor Corporativo: Obchodná fakulta EU. Katedra služieb a cestovného ruchu - zrušené
Outros Autores: Benkovičová, Katarína
Formato: Livro
Idioma:eslovaco
Publicado em: Bratislava 2016
Tags: Adicionar Tag
Sem tags, seja o primeiro a adicionar uma tag!

MARC

LEADER 00000nbm a2200000 4500
001 0218835
005 20170126132714.5
041 0 |a slo 
044 |a SK 
245 1 0 |a Význam podnikania cez internet a jeho aplikácia v konkrétnom podnikateľskom prostredí  |b bakalárska práca  |c Dávid Polivčak ; školiteľ: Katarína Benkovičová 
264 1 |a Bratislava  |c 2016 
300 |a 62 s. 
100 1 |a Polivčak, Dávid 
700 1 |a Benkovičová, Katarína 
710 2 |a Obchodná fakulta EU. Katedra služieb a cestovného ruchu - zrušené